Hacia la ampliación del segundo objetivo del milenio. Una propuesta para América Latina y el Caribe /

El documento es la propuesta de ampliación del segundo objetivo del milenio para América Latina y el Caribe que tiene como marco conceptual la agenda de desarrollo de la Cumbre del Milenio, instancia que constituye un hito en el sistema de cumbres internacionales, por cuanto en ella se recogen los p...

Full description

Saved in:
Bibliographic Details
Main Author: Villatoro, Pablo
Format: Text
Series:SERIE POLITICAS SOCIALES/CEPAL
Subjects:
Tags: Add Tag
No Tags, Be the first to tag this record!

MARC

LEADER 00000 a a2200000 04500
001 48065
003
040
090 |a REV1291 (132) 2007  
100 |a Villatoro, Pablo  
245 |a Hacia la ampliación del segundo objetivo del milenio. Una propuesta para América Latina y el Caribe /  |c Pablo Villatoro 
440 |a SERIE POLITICAS SOCIALES/CEPAL  
520 |a El documento es la propuesta de ampliación del segundo objetivo del milenio para América Latina y el Caribe que tiene como marco conceptual la agenda de desarrollo de la Cumbre del Milenio, instancia que constituye un hito en el sistema de cumbres internacionales, por cuanto en ella se recogen los principales compromisos y obligaciones asumidas por los países en distintos acuerdos y convenciones a escala global, en los ámbitos de la reducción de la pobreza y la promoción de los derechos humanos. Esta propuesta tiene en consideración los desafíos más urgentes que enfrentan los sistemas educacionales de la región.  
650 |a CONFERENCIAS  
650 |a DESARROLLO SOCIAL  
650 |a DEMOCRATIZACION DE LA EDUCACION  
650 |a NECESIDADES DE EDUCACION  
650 |a RENDIMIENTO DE LA EDUCACION  
650 |a AMERICA LATINA  
650 |a ANALISIS COMPARATIVO  
773 |g número132, (2007), página64.  
999 |c 39023  |d 39023